Statistics for 2023 Sydney Swans AFL Team Quiz

Click here to take the quiz!

General Stats

  • This quiz has been taken 14 times
  • The average score is 33 of 51

Answer Stats

No.Player name% Correct
1Chad Warner
92%
5Isaac Heeney
92%
Senior CoachJohn Longmire
92%
14Callum Mills
85%
24Dane Rampe
85%
21Errol Gulden
85%
2Hayden Mclean
85%
8James Rowbottom
85%
26Luke Parker
85%
22Nick Blakey
85%
11Tom Papley
85%
16Braeden Campbell
77%
37Corey Warner
77%
Ruck CoachDean Cox
77%
3Dylan Stephens
77%
7Harry Cunningham
77%
44Jake Lloyd
77%
36Joel Amartey
77%
23Lance Franklin
77%
6Logan McDonald
77%
39Paddy McCartin
77%
19Peter Ladhams
77%
4Ryan Clarke
77%
15Sam Wicks
77%
31Tom Hickey
77%
30Tom McCartin
77%
9Will Hayward
77%
29Angus Sheldrick
69%
43Lewis Melican
69%
13Oliver Florent
69%
42Robbie Fox
69%
10Aaron Francis
62%
Forward CoachJarrad McVeigh
62%
27Justin McInerney
62%
46Lachlan McAndrew
62%
20Sam Reid
62%
17Will Gould
62%
25Cooper Vickery
46%
47Jack Buller
46%
18Jacob Konstanty
46%
Assistant CoachDon Pyke
38%
33Marc Sheather
38%
34Matt Roberts
38%
28William Edwards
38%
Assistant CoachBen Matthews
31%
35Caleb Mitchell
31%
38Harrison Arnold
23%
41Lachlan Rankin
23%
40Cameron Owen
15%
45Hugo Hall-Kahan
15%
32Jaiden Magor
15%

Score Distribution

Percentile by Number Answered

Percent of People with Each Score

Your Score History

You have not taken this quiz